000 00328nam a2200133Ia 4500
005 20260328104339.0
008 260328s9999||||xx |||||||||||||| ||und||
100 _aRaskin, Eugene
245 0 _aArchitecturally Speaking /
_cEugene Raskin
260 _bRobert Osborn
300 _a129 p.
650 _aARQUITECTURA
942 _cBK
999 _c12019
_d12019